Podział administracyjny Argentyny - Statystyki

Ogólne statystyki
  • Ten quiz został rozwiązany 22 razy
  • Średni wynik to 6 z 24
Statystyki odpowiedzi
Odpowiedzi % Poprawnych
Buenos Aires
83%
Miasto autonomiczne Buenos Aires
67%
Jujuy
50%
Santa Cruz
50%
Ziemia Ognista
50%
Chaco
33%
Corrientes
33%
Mendoza
33%
Tucumán
33%
Córdoba
17%
Entre Ríos
17%
La Pampa
17%
La Rioja
17%
Misiones
17%
Salta
17%
San Juan
17%
San Luis
17%
Santa Fe
17%
Catamarca
0%
Chubut
0%
Formosa
0%
Neuquén
0%
Río Negro
0%
Santiago del Estero
0%
Nie znaleziono quizów pasujących do podanych kryteriów
Rozkład punktacji
Procent ludzi z każdym wynikiem
Percentyl według liczby udzielonych odpowiedzi
Twoja historia wyników
Nie rozwiązałeś tego quizu